The re-timing of English regional planning (Record no. 70472)
[ view plain ]
| 000 -LEADER | |
|---|---|
| fixed length control field | 01282cam a2200205 4500 |
| 001 - CONTROL NUMBER | |
| control field | ABS65554 |
| 008 - FIXED-LENGTH DATA ELEMENTS--GENERAL INFORMATION | |
| fixed length control field | 020612n2002 000 0 eng u |
| 035 ## - SYSTEM CONTROL NUMBER | |
| System control number | (Sirsi) u118391 |
| 100 ## - MAIN ENTRY--PERSONAL NAME | |
| Personal name | Marshall, T. |
| 245 #4 - TITLE STATEMENT | |
| Title | The re-timing of English regional planning |
| 260 ## - PUBLICATION, DISTRIBUTION, ETC. | |
| Date of publication, distribution, etc. | 2002 |
| 490 ## - SERIES STATEMENT | |
| Series statement | Town Planning Review |
| Volume/sequential designation | 73(2) April 2002, 171-195(25) |
| 520 ## - SUMMARY, ETC. | |
| Summary, etc. | Argues that the new regional planning regime incorporated in Planning Policy Guidance (PPG) Note 11 creates new pressures which can rebalance the play of interests and debate. This may work against the weaker interests in each region. The implications of changes in time dimensions of the process are explored as a perhaps neglected, but in some respects central, feature of the system. Evidence is taken from a study of two regional planning processes, that in the South West, which was undertaken partly under pre-PPG 11 arrangements and partly afterwards, and that in the West Midlands, which was fully in the PPG 11 era. Some use is also made of information on progress in the South East, East Anglian and East Midlands regions. [Taken from journal abstract]. |
| 590 ## - LOCAL NOTE (RLIN) | |
| Local note | ABS |
| 650 ## - SUBJECT ADDED ENTRY--TOPICAL TERM | |
| Topical term or geographic name entry element | ENGLAND |
| 650 ## - SUBJECT ADDED ENTRY--TOPICAL TERM | |
| Topical term or geographic name entry element | PLANNING PROCESS |
| 650 ## - SUBJECT ADDED ENTRY--TOPICAL TERM | |
| Topical term or geographic name entry element | PPG11 |
| 690 ## - LOCAL SUBJECT ADDED ENTRY--TOPICAL TERM (OCLC, RLIN) | |
| Topical term or geographic name as entry element | Planning and development |
| 9 (RLIN) | 6259 |
| 942 ## - ADDED ENTRY ELEMENTS (KOHA) | |
| Suppress in OPAC | 0 |
| Withdrawn status | Lost status | Source of classification or shelving scheme | Damaged status | Not for loan | Home library | Current library | Shelving location | Date acquired | Total Checkouts | Full call number | Barcode | Date last seen | Copy number | Price effective from | Koha item type |
|---|---|---|---|---|---|---|---|---|---|---|---|---|---|---|---|
| Dewey Decimal Classification | London | London | Journal article | 12/06/2002 | ABS65554 | 118391-1001 | 06/08/2019 | 1 | 06/08/2019 | Journal article |